| 000 | 00713nam a22002177a 4500 | ||
|---|---|---|---|
| 003 | OSt | ||
| 005 | 20251202091121.0 | ||
| 008 | 251202b |||||||| |||| 00| 0 eng d | ||
| 020 | _a0-07-28311-4 | ||
| 040 |
_aDWC-main Lib _cOC |
||
| 082 |
_24th edition _aCirc. 174.962 M382 2005 |
||
| 100 | _aSchinzinger, R. | ||
| 245 |
_aEthics in engineering, 4th ed. _cSchinzinger, Roland |
||
| 250 | _a4th edition | ||
| 260 |
_aBoston : _b McGraw-Hill, _cc2005 |
||
| 300 |
_axi, 339 pages : _b illustration ; _c23 cm. |
||
| 504 | _aIncludes index | ||
| 650 | _2Engineering ethics | ||
| 700 | _aMartin, Mike W. | ||
| 942 |
_2ddc _cBK-CIRC _e4th edition _hCirc. 174.962 M382 2005 _kCirc. _n0 |
||
| 999 |
_c6687 _d6687 |
||